Money, Banking and Financial Markets (Record no. 3518)

MARC details
000 -LEADER
fixed length control field 02165nam a2200217 4500
020 ## - INTERNATIONAL STANDARD BOOK NUMBER
ISBN 9781259071195
022 ## - INTERNATIONAL STANDARD SERIAL NUMBER
ISSN 1259071197
050 ## - CALL NUMBER
Classification number HG173.C32
100 ## - AUTHOR
Personal name Stephen G Cecchetti;
245 ## - TITLE
Title Money, Banking and Financial Markets
Statement of responsibility, etc Stephen G Cecchetti;
250 ## - EDITION
Edition statement 3rd ed
260 ## - PUBLICATION INFORMATION
Place of publication : illustrations (chiefly color), color maps ; 27 cm
Name of publisher New York : McGraw-Hill/Irwin
Year of publication 2011
300 ## - DESCRIPTION
Number of Pages 701 unnumbered pages
500 ## - NOTES
General note Includes index
505 ## - FORMATTED CONTENTS NOTE
Table of Content Part I. Money and the Financial System Chapter 1 An Introduction to Money and the Financial System Chapter 2 Money and the Payments System Chapter 3 Financial Instruments, Financial Markets, and Financial Institutions Part II. Interest Rates, Financial Instruments, and Financial Markets Chapter 4 Future Value, Present Value, and Interest Rates Chapter 5 Understanding Risk Chapter 6 Bonds, Bond Prices, and the Determination of Interest Rates Chapter 7 The Risk and Term Structure of Interest Rates Chapter 8 Stocks, Stock Markets, and Market Efficiency Chapter 9 Derivatives: Futures, Options, and Swaps Chapter 10 Foreign Exchange Part III. Financial Institutions Chapter 11 The Economics of Financial Intermediation Chapter 12 Depository Institutions: Banks and Bank Management Chapter 13 Financial Industry Structure Chapter 14 Regulating the Financial System Part IV. Central Banks, Monetary Policy, and Financial Stability Chapter 15 Central Banks in the World Today Chapter 16 The Structure of Central Banks: The U.S. Federal Reserve & European Central Bank Chapter 17 The Central Bank Balance Sheet and the Money Supply Process Chapter 18 Monetary Policy: Using Interest Rates to Stabilize the Domestic Economy Chapter 19 Exchange Rate Policy and the Central Bank Part V. Modern Monetary Economics Chapter 20 Money Growth, Money Demand, and Monetary Policy Chapter 21 Modern Monetary Policy and Aggregate Demand Chapter 22 Understanding Business Cycles Chapter 23 Monetary Policy, Output, and Inflation in the Short Run
650 ## - SUBJECTS
Topical Term Money.
General subdivision Banks and Banking
700 ## - OTHER AUTHORS
Personal name Stephen G Cecchetti
710 ## - OTHER AUTHORS
OTHER AUTHORS Kermit L Schoenholtz
711 ## - OTHER AUTHORS
OTHER AUTHORS ; James Fackler
942 ## - ADDED ENTRY ELEMENTS (KOHA)
Koha item type Books
Holdings
Withdrawn status Lost status Collection code Home library Current library Shelving location Date acquired Full call number Accession Number Koha item type
    Reference Methodist University Library Main Methodist University Library Main General Stacks 19/10/2013 HG173.C32 38576 Books
Copyright © 2026  MUG Library